01311cam a2200205 a 450000100100000000500170001000800410002704000230006808200190009110000400011024500550015026000910020530000270029650001600032350503720048371000790085591000340093495201220096899900150109000000824020200929161322.0831107s1982 ve af i000 e spa  aDO-SdBNPcDLCdDLC aVe864.2bB446a1 aBello, Andrés,d1781-1865.92235210aAndrés Bello :bbicentenario de su nacimiento /. aWashington :bSecretaría General, Organización de los Estados Americanos,c[1982]. a90 p. :bil. ;c27 cm. a"Esta publicación fue ordenada por el Consejo Interamericano para la Educación, la Ciencia y la Cultura de la Organización de los Estados Americanos"0 aNoticia biográfica / Rafael Caldera -- Poesía -- Derecho internacional -- Filosofía del entendimiento -- Gramática de la lengua castellana -- Instalación de la Universidad de Chile -- Reflexiones sobre la poesía -- Sobre el Poema del Cid -- Las repúblicas hispanoamericanas -- Correspondencia de Andrés Bello -- Cronología / Oscar Sambrano Urdaneta.2 aConsejo Interamericano para la Educación, la Ciencia y la Cultura922353 aCatalogación por copia / LC 001052708MOaGRbGRcCTd2009-09-15iLF1l0oVe864.2 B446ap8240-10r2020-06-25w2020-06-25y2ZPréstamo interno c8011d8011